<?xml version="1.0" encoding="UTF-8"?>
<record
    xmlns:xsi="http://www.w3.org/2001/XMLSchema-instance"
    xsi:schemaLocation="http://www.loc.gov/MARC21/slim http://www.loc.gov/standards/marcxml/schema/MARC21slim.xsd"
    xmlns="http://www.loc.gov/MARC21/slim">

  <leader>01723nam a22002177a 4500</leader>
  <controlfield tag="003">St Aloysius Coll</controlfield>
  <controlfield tag="005">20260129163223.0</controlfield>
  <controlfield tag="008">251201b        |||||||| |||| 00| 0 eng d</controlfield>
  <datafield tag="020" ind1=" " ind2=" ">
    <subfield code="a">9780812973013</subfield>
  </datafield>
  <datafield tag="040" ind1=" " ind2=" ">
    <subfield code="c">AL</subfield>
  </datafield>
  <datafield tag="041" ind1=" " ind2=" ">
    <subfield code="a">English</subfield>
  </datafield>
  <datafield tag="082" ind1=" " ind2=" ">
    <subfield code="a">610.92</subfield>
    <subfield code="b">KIDM</subfield>
  </datafield>
  <datafield tag="100" ind1=" " ind2=" ">
    <subfield code="a">Tracy Kidder</subfield>
    <subfield code="9">247197</subfield>
  </datafield>
  <datafield tag="245" ind1=" " ind2=" ">
    <subfield code="a">Mountains beyond mountains</subfield>
  </datafield>
  <datafield tag="260" ind1=" " ind2=" ">
    <subfield code="a">New York</subfield>
    <subfield code="b">Random House</subfield>
    <subfield code="c">2023</subfield>
  </datafield>
  <datafield tag="300" ind1=" " ind2=" ">
    <subfield code="a">xvi,322p.</subfield>
    <subfield code="b">PB</subfield>
    <subfield code="c">20.3x13cm.</subfield>
  </datafield>
  <datafield tag="365" ind1=" " ind2=" ">
    <subfield code="2">General</subfield>
    <subfield code="a">HYD8-6483931</subfield>
    <subfield code="c">&#x20B9;</subfield>
    <subfield code="f">13/11/2025</subfield>
    <subfield code="b">&#x20B9;1144.00</subfield>
  </datafield>
  <datafield tag="520" ind1=" " ind2=" ">
    <subfield code="a">NEW YORK TIMES BESTSELLER &#x2022; 20th Anniversary Edition, with a new foreword by the author &#x2022; &#x201C;[A] masterpiece . . . an astonishing book that will leave you questioning your own life and political views.&#x201D;&#x2014;USA Today
 &#x201C;If any one person can be given credit for transforming the medical establishment&#x2019;s thinking about health care for the destitute, it is Paul Farmer. . . . [Mountains Beyond Mountains] inspires, discomforts, and provokes.&#x201D;&#x2014;The New York Times (Best Books of the Year)
In medical school, Paul Farmer found his life&#x2019;s calling: to cure infectious diseases and to bring the lifesaving tools of modern medicine to those who need them most. Tracy Kidder&#x2019;s magnificent account shows how one person can make a difference in solving global health problems through a clear-eyed understanding of the interaction of politics, wealth, social systems, and disease. Profound and powerful, Mountains Beyond Mountains takes us from Harvard to Haiti, Peru, Cuba, and Russia as Farmer changes people&#x2019;s minds through his dedication to the philosophy that &#x201C;the only real nation is humanity.&#x201D;
</subfield>
  </datafield>
  <datafield tag="650" ind1=" " ind2=" ">
    <subfield code="2">Technology</subfield>
    <subfield code="a">Medicine and Health (Biology)</subfield>
    <subfield code="9">247198</subfield>
  </datafield>
  <datafield tag="942" ind1=" " ind2=" ">
    <subfield code="2">ddc</subfield>
    <subfield code="c">BK</subfield>
  </datafield>
  <datafield tag="999" ind1=" " ind2=" ">
    <subfield code="c">240688</subfield>
    <subfield code="d">240688</subfield>
  </datafield>
  <datafield tag="952" ind1=" " ind2=" ">
    <subfield code="0">0</subfield>
    <subfield code="1">0</subfield>
    <subfield code="2">ddc</subfield>
    <subfield code="4">0</subfield>
    <subfield code="7">0</subfield>
    <subfield code="8">MAENG</subfield>
    <subfield code="a">SACPG</subfield>
    <subfield code="b">SACPG</subfield>
    <subfield code="d">2025-11-21</subfield>
    <subfield code="e">Amazon</subfield>
    <subfield code="g">1144.00</subfield>
    <subfield code="l">3</subfield>
    <subfield code="o">610.92 KIDM</subfield>
    <subfield code="p">PG025133</subfield>
    <subfield code="r">2025-12-20 10:31:31</subfield>
    <subfield code="s">2025-12-20</subfield>
    <subfield code="w">0000-00-00</subfield>
    <subfield code="y">BK</subfield>
  </datafield>
</record>
